000 00603nam a2200193Ii 4500
003 JO-AjNU
008 230605s9999||||xx |||||||||||||| ||und||
040 _aJO-AjNU
_bara
_erda
_cJO-AjNU
041 _aara
050 1 4 _aQK641.A78
100 3 _aالعروسي ، حسين,
_eauthor
_913729
245 0 0 _aمورفولوجيا وتشريح النبات
264 3 1 _aالاسكندريه:مكتبه المعارف ، 1900
300 _a252ص
336 _atext
_btxt
_2rdacontent
337 _aunmediated
_bn
_2rdamedia
338 _avolume
_bnc
_2rdacarrier
650 4 _aالنبات -تشريح
_913730
999 _aA3493
_c7061
_d7061